Chapter Wealth inequality in Catalonia, 1400-1800. Sources, data and a case study (Record no. 31125)
[ view plain ]
| 000 -LEADER | |
|---|---|
| fixed length control field | 00487nam a2200121Ia 4500 |
| 008 - FIXED-LENGTH DATA ELEMENTS--GENERAL INFORMATION | |
| fixed length control field | 220620s9999||||xx |||||||||||||| ||und|| |
| 100 ## - MAIN ENTRY--PERSONAL NAME | |
| Personal name | GARCIA MONTERO, HECTOR |
| 245 #0 - TITLE STATEMENT | |
| Title | Chapter Wealth inequality in Catalonia, 1400-1800. Sources, data and a case study |
| 546 ## - LANGUAGE NOTE | |
| Language note | English[eng] |
| 650 ## - SUBJECT ADDED ENTRY--TOPICAL TERM | |
| Topical term or geographic name entry element | economic inequality||economic history||spanish economic history||Catalonia||pre-industrial age |
| 856 ## - ELECTRONIC LOCATION AND ACCESS | |
| Uniform Resource Identifier | <a href="https://library.oapen.org/bitstream/20.500.12657/56043/1/14212.pdf">https://library.oapen.org/bitstream/20.500.12657/56043/1/14212.pdf</a> |
| 942 ## - ADDED ENTRY ELEMENTS (KOHA) | |
| Koha item type | E-Books |
| Withdrawn status | Lost status | Damaged status | Not for loan | Home library | Current library | Date acquired | Total Checkouts | Date last seen | Price effective from | Koha item type |
|---|---|---|---|---|---|---|---|---|---|---|
| Kerala University of Digital Sciences, Innovation and Technology Knowledge Centre | Kerala University of Digital Sciences, Innovation and Technology Knowledge Centre | 20/06/2022 | 20/06/2022 | 20/06/2022 | E-Books |